Make : volume 43, wearables (Record no. 82973)
[ view plain ]
| 000 -LEADER | |
|---|---|
| fixed length control field | 00797 a2200253 4500 |
| 003 - CONTROL NUMBER IDENTIFIER | |
| control field | CBULib |
| 005 - DATE AND TIME OF LATEST TRANSACTION | |
| control field | 20231115071822.0 |
| 008 - FIXED-LENGTH DATA ELEMENTS--GENERAL INFORMATION | |
| fixed length control field | 231016b |||||||| |||| 00| 0 eng d |
| 020 ## - INTERNATIONAL STANDARD BOOK NUMBER | |
| International Standard Book Number | 9781457183867 |
| 040 ## - CATALOGING SOURCE | |
| Language of cataloging | English |
| Transcribing agency | CBULib |
| Description conventions | rda |
| 050 ## - LIBRARY OF CONGRESS CALL NUMBER | |
| Classification number | QA 76.592 |
| 100 ## - MAIN ENTRY--PERSONAL NAME | |
| Personal name | Maker Media, Inc. (Publisher) |
| 245 ## - TITLE STATEMENT | |
| Title | Make : volume 43, wearables |
| Statement of responsibility, etc | / by Maker Media, Inc. |
| 260 ## - PUBLICATION, DISTRIBUTION, ETC. (IMPRINT) | |
| Name of publisher, distributor, etc | Maker Media, Inc. |
| Date of publication, distribution, etc | 2015 |
| Place of publication, distribution, etc | Sebastopol : |
| 300 ## - PHYSICAL DESCRIPTION | |
| Extent | 112 pages : color illustrations |
| 336 ## - CONTENT TYPE | |
| Source | rdacontent |
| Content type term | Text | |
| Content type code | txt |
| 337 ## - MEDIA TYPE | |
| Source | rdamedia |
| Media type term | Unmediated | |
| Media type code | n |
| 338 ## - CARRIER TYPE | |
| Source | rdacarrier |
| Carrier type term | Volume |
| Carrier type code | nc |
| 490 ## - SERIES STATEMENT | |
| Series statement | Make |
| 650 #0 - SUBJECT ADDED ENTRY--TOPICAL TERM | |
| 9 (RLIN) | 868 |
| Topical term or geographic name as entry element | WEARABLE COMPUTERS |
| 650 #0 - SUBJECT ADDED ENTRY--TOPICAL TERM | |
| 9 (RLIN) | 869 |
| Topical term or geographic name as entry element | MICROCONTROLLERS |
| 650 #0 - SUBJECT ADDED ENTRY--TOPICAL TERM | |
| 9 (RLIN) | 870 |
| Topical term or geographic name as entry element | ELECTRONIC APPARATUS AND APPLIANCES--DESIGN AND CONSTRUCTION |
| 942 ## - ADDED ENTRY ELEMENTS (KOHA) | |
| Source of classification or shelving scheme | |
| Koha item type | MONOGRAPH |
| Withdrawn status | Lost status | Source of classification or shelving scheme | Damaged status | Not for loan | Collection code | Permanent Location | Current Location | Shelving location | Date acquired | Source of acquisition | Cost, normal purchase price | Full call number | Barcode | Date last seen | Copy number | Price effective from | Koha item type |
|---|---|---|---|---|---|---|---|---|---|---|---|---|---|---|---|---|---|
| CBU-Lusaka Campus | CBU- LUSAKA CAMPUS | CBU- LUSAKA CAMPUS | General Stacks | 10/22/2024 | BOOK AID INTERNATIONAL | 9.83 | QA 76.592 Mak | 752791 | 10/22/2024 | MONOGRAPH | |||||||
| CBU-Lusaka Campus | CBU- LUSAKA CAMPUS | CBU- LUSAKA CAMPUS | General Stacks | 10/22/2024 | BOOK AID | 9.83 | QA 76.592 Mak | 752790 | 10/22/2024 | 10/22/2024 | MONOGRAPH | ||||||
| Main Library Open Access Collection | CBU-MAIN LIBRARY, KITWE. | CBU-MAIN LIBRARY, KITWE. | General Stacks | 10/16/2023 | Book Aid International | 9.83 | QA 76.592 Mak | 752228 | 10/16/2023 | 3 | 10/16/2023 | MONOGRAPH | |||||
| Main Library Open Access Collection | CBU-MAIN LIBRARY, KITWE. | CBU-MAIN LIBRARY, KITWE. | General Stacks | 10/16/2023 | Book Aid International | 9.83 | QA 76.592 Mak | 752229 | 10/16/2023 | 4 | 10/16/2023 | MONOGRAPH | |||||
| Mpika Library Collection | CBU-MPIKA LIBRARY, MPIKA CAMPUS. | CBU-MAIN LIBRARY, KITWE. | General Stacks | 10/12/2023 | Book Aid International | 9.83 | QA 76.592 Mak | 752227 | 10/17/2023 | 2 | 10/17/2023 | MONOGRAPH | |||||
| Mpika Library Collection | CBU-MPIKA LIBRARY, MPIKA CAMPUS. | CBU-MAIN LIBRARY, KITWE. | General Stacks | 10/12/2023 | Book Aid International | 9.83 | QA 76.592 Mak | 752226 | 10/17/2023 | 1 | 10/17/2023 | MONOGRAPH |